|
|
|
|
| LEADER |
01047cam a2200301Ia 4500 |
| 001 |
9780203130476 |
| 003 |
FlBoTFG |
| 005 |
20091230162920.0 |
| 006 |
a|||||s||||||||||| |
| 007 |
cr|||| |
| 008 |
961011s1997 enk sb 001 0 eng d |
| 020 |
|
|
|a 9780203130476 (e-book : PDF)
|
| 040 |
|
|
|a FlBoTFG
|c FlBoTFG
|d GrThAP
|
| 043 |
|
|
|a e-gr---
|
| 090 |
|
|
|a KL4115.3
|b .C37 1997
|
| 092 |
|
|
|a 349.49512
|b T819
|
| 245 |
0 |
0 |
|a Trials from classical Athens
|h [electronic resource] /
|c [edited by] Christopher Carey.
|
| 260 |
|
|
|a London ;
|a New York :
|b Routledge,
|c 1997.
|
| 300 |
|
|
|a viii, 247 p.
|
| 504 |
|
|
|a Includes bibliographical references (p. 242-243) and index.
|
| 530 |
|
|
|a Also available in print edition.
|b CRC Press (http://www.crcpress.com)
|
| 538 |
|
|
|a Mode of access: World Wide Web.
|
| 650 |
|
0 |
|a Trials
|z Greece
|z Athens.
|
| 650 |
|
0 |
|a Forensic orations.
|
| 655 |
|
7 |
|a Electronic books.
|2 lcsh
|
| 700 |
1 |
|
|a Carey, Christopher.
|
| 776 |
1 |
|
|z 9780415107600
|
| 856 |
4 |
0 |
|u http://www.tandfebooks.com/isbn/9780203130476
|z Full Text via HEAL-Link
|